000 00270nam a2200097 a 4500
005 20200930062942.0
008 110627s2004 000 spa d
245 0 _aOrden No. 54 de la Secretaría de Justicia e Instrucción Pública.
260 _c[s.f.].
999 _c30960
_d30960
040 _aDO-SdBNP